00258pam a2200109 a 4500020000500000041000500005082001100010100003000021245004200051260004700093300000800140 c h a332.71 aSINGH (Balwinder)eauthor aAgricultural CredithTextual Document bDeep and Deep Publications New Delhic2005 a276